Handbook of fuzzy computation
Αποθηκεύτηκε σε:
| Άλλοι συγγραφείς: | , , |
|---|---|
| Μορφή: | Βιβλίο |
| Γλώσσα: | English |
| Δημοσίευση: |
Bristol ; : Philadelphia :
Institute of physics pub.,
1998
|
| Θέματα: | |
| Ετικέτες: |
Προσθήκη ετικέτας
Δεν υπάρχουν, Καταχωρήστε ετικέτα πρώτοι!
|
MARC
| LEADER | 00000nam a2200000 i 4500 | ||
|---|---|---|---|
| 001 | 1/98604 | ||
| 008 | 000202s1998 eng d | ||
| 020 | |a 0750304278 | ||
| 035 | |l 10056575 | ||
| 040 | |a GR-MY-UA |b gre |e aacr | ||
| 041 | 0 | |a eng | |
| 245 | 1 | 0 | |a Handbook of fuzzy computation / |c editors in chief, Enrique H. Ruspini, Piero P. Bonissone, and Witold Pedrycz |
| 260 | |a Bristol ; : |a Philadelphia : |b Institute of physics pub., |c 1998 | ||
| 300 | |a 1 v. (various pagings); |b ill.; |c 30 cm. | ||
| 504 | |a Includes bibliographical references and index | ||
| 650 | 0 | 0 | |a Fuzzy logic. |
| 700 | 1 | |a Ruspini, Enrique H. |4 edt | |
| 700 | 1 | |a Bonissone, Piero Patrone. |4 edt | |
| 700 | 1 | |a Pedrycz, Witold. |4 edt | |
| 852 | |a INST |b SAMOS |e 20000202 |h 511.321 HAN |p 005300015963 |q 005300015963 |t BK |y 0 | ||
| 852 | |a INST |b SAMOS |e 20000317 |h 511.321 HAN |p 005300017962 |q 005300017962 |t BK |y 0 | ||
| 901 | |a BIBL3-1999-3 | ||
| 901 | |a BIBL3-2000-1 | ||
| 909 | |a Σ |b 071302 | ||
| 909 | |a Σ |b 067738 | ||
| 922 | |a 3ΕΛΗ |b 199912 |c ΤΠΕΣ |d ΠΑΠΑΣΩΤΗΡΙΟΥ | ||
| 922 | |a 3ΕΛΗ |b 199911 |c ΕΠΕΑΕΚ/ΜΑΘ |d ΠΑΠΑΣΩΤΗΡΙΟΥ | ||
| 950 | |a 133-1999-07-20 | ||
| 970 | |a ΓΕΝΟΥΖΟΥ |b ΧΡΥΣΑΝΘΗ |z 2000/02/02 | ||